Без грифа "Секретно": записки военного прокурора

গ্রন্থ-পঞ্জীর বিবরন
প্রধান লেখক: Викторов Б. А. Борис Алексеевич
ভাষা:রুশ
প্রকাশিত: Москва, Юридическая литература, 1990
মালা:Возвращение к правде
বিষয়গুলি:
বিন্যাস: গ্রন্থ
KOHA link:https://koha.lib.tpu.ru/cgi-bin/koha/opac-detail.pl?biblionumber=375543

MARC

LEADER 00000nam0a2200000 4500
001 375543
005 20260304145736.0
010 |a 5726002156 
035 |a (RuTPU)RU\TPU\retro\32982 
035 |a RU\TPU\book\227037 
090 |a 375543 
100 |a 20221220d1990 m y0rusy50 ca 
101 0 |a rus 
102 |a RU 
105 |a c z 000zy 
200 1 |a Без грифа "Секретно": записки военного прокурора  |f Б. А. Викторов 
210 |a Москва  |c Юридическая литература  |d 1990 
215 |a 336 с.  |c портр. 
225 1 |a Возвращение к правде 
606 |a Политические репрессии в СССР  |x История  |9 82090 
610 1 |a военная прокуратура 
610 1 |a уголовная ответственность 
610 1 |a репрессии 
686 |a Х629.3  |2 rubbk 
686 |a Т3(2)6-361  |2 rubbk 
700 1 |a Викторов  |b Б. А.  |g Борис Алексеевич 
801 1 |a RU  |b 63413507  |c 20120131 
801 2 |a RU  |b 63413507  |c 20221220  |g RCR 
942 |c BK